1515 1270 1356 1714 1621 1191 1636 1217 1907 1072 1609 2000 1033 1527 1495 1700 1762 1332 1272 1911 1184 1338 1144 1490 1633 1287 1035 1714 1973 1565 1148 1476 1234 1026 1855 1399 1039 1859 1292 1235 1910 1166 1810 1014 1120 1249 1844 1178 1534 1584 1142 1427 1720 1365 1634 1937 1122 1489 1983 1714 1083 1372 1689 1004 1756 1612 1572 1079 1324 1302 1045 1502 1341 1099 1495 1427 1776 1505 1349 1688 1098 1002 1338 1962 1528 1621 1502 1741 1113 1167 1653 1187 1392 1894 1201 1845 1880 1971 1930 BCNSPRNW ULIB Ver.6.0+V

เปลี่ยนเป็นภาษาไทย

Change to English
 แสดงรายละเอียดบรรณานุกรม
  กลับหน้าหลัก

Brief Record : Get Marc (ISO 2709) : E-mail record : QR code < ปิดหน้าต่าง
LEADER : 00000nam 2200000uu 4500
001    13399113262
003     ULIB
008    110627s2552||||th 000 0 tha d
020    9786115210008
090    นว.^bศ294ก 2552
100 0  ศศิร์นารา
245 00 กลร้าย..เล่ห์รักกามเทพ/^cศศิร์นารา
250    พิมพ์ครั้งที่ 1
260    กรุงเทพฯ :^bมธุรดา,^c2552
300    335 หน้า
710 1  มธุรดา
945    ^p239^l0^i027754
995    ทศพร
999 ^a ใช้งานได้ทุกระบบ
รายการนี้ยังไม่มีแท็ก
คุณยังไม่ได้ล็อกอิน คุณสามารถมีกิจกรรมร่วมกับเว็บไซต์ได้ แต่ต้องล็อกอินก่อน ::
  ล็อกอิน

รายการสื่อสารสนเทศ

ลำดับที่ ประเภท เลขเรียก/บาร์โค้ด สถานที่ สถานะ
- ไม่พบข้อมูล -

BibComment


ยังไม่เคยถูกคอมเมนท์

คอมเมนท์ทรัพยากรรายการนี้
  คอมเมนท์: กลร้ายเล่ห์รักกาม..


 Copyright 2026. Bcnsprnw @Library